MARC details
| 000 -CABECERA |
| campo de control de longitud fija |
00831nam a2200229 a 4500 |
| 005 - FECHA Y HORA DE LA ÚLTIMA TRANSACCIÓN |
| campo de control |
20250910063904.0 |
| 008 - ELEMENTOS DE LONGITUD FIJA--INFORMACIÓN GENERAL |
| campo de control de longitud fija |
060508s2001 mx r 000 0 spa d |
| 020 ## - NÚMERO INTERNACIONAL NORMALIZADO PARA LIBROS |
| Número Internacional Estándar del Libro |
9685087407 |
| 035 ## - NÚMERO DE CONTROL DEL SISTEMA |
| Número de control de sistema |
UPN01000144287 |
| 049 ## - COLECCIÓN |
| Colección |
CG |
| 050 #4 - SIGNATURA TOPOGRÁFICA DE LA BIBLIOTECA DEL CONGRESO |
| Número de clasificación |
LC196.5 A4.4 |
| Número de documento/Ítem |
S5.3 |
| 111 2# - ASIENTO PRINCIPAL--NOMBRE DE REUNION |
| Nombre de congreso/reunión o jurisdicción como elemento de entrada |
Simposium de Educación y Valores |
| Número del congreso/reunión o número de parte o sección |
(8o : |
| Fecha del congreso/reunión |
23 al 26 de febrero, 2000 : |
| Sede del congreso/Lugar de la reunión |
Guadalajara, Jal.) |
| 245 10 - MENCIÓN DE TÍTULO |
| Título |
Educar para construir el sueño : |
| Resto del título |
ética y conocimiento en la transformación social / |
| Mención de responsabilidad, etc. |
coord. Carlos Núñez Hurtado. |
| 260 ## - PUBLICACIÓN, DISTRIBUCIÓN, ETC. |
| Lugar de publicación, distribución, etc. |
México : |
| Nombre del editor, distribuidor, etc. |
ITESO : |
| -- |
UPN, |
| Fecha de publicación, distribución, etc. |
2001. |
| 300 ## - DESCRIPCIÓN FÍSICA |
| Extensión |
348 p. : |
| Otras características físicas |
grafs., figs. |
| 440 #0 - MENCIÓN DE SERIE/ASIENTO SECUNDARIO--TÍTULO |
| Título |
Paulo Freire. |
| Nombre de parte o sección de la obra |
Cátedra |
| 650 #4 - ASIENTO SECUNDARIO DE MATERIA - TERMINO TEMATICO |
| Término de materia o nombre geográfico como elemento de entrada |
Educación popular |
| Subdivisión geográfica |
América Latina |
| 9 (RLIN) |
5199 |
| 650 #4 - ASIENTO SECUNDARIO DE MATERIA - TERMINO TEMATICO |
| Término de materia o nombre geográfico como elemento de entrada |
Valores |
| Subdivisión general |
Estudio y enseñanza |
| 9 (RLIN) |
310 |
| 650 #4 - ASIENTO SECUNDARIO DE MATERIA - TERMINO TEMATICO |
| Término de materia o nombre geográfico como elemento de entrada |
Ética |
| 9 (RLIN) |
12720 |
| 700 1# - ASIENTO SECUNDARIO--NOMBRE DE PERSONAL |
| Nombre de persona |
Núñez Hurtado, Carlos, |
| Término indicativo de función/relación |
coord. |
| 905 ## - TIPO DE MATERIAL |
| Tipo de material |
Libro |